Az alkotó alakítás Száz éve született Kárász Judit
Elmentve itt :
| Dokumentumtípus: | Cikk |
|---|---|
| Megjelent: |
2012-01-01
|
| Sorozat: | Szeged
|
| Kulcsszavak: | Kárász Judit, Szegedi Fiatalok Művészeti Kollégiuma |
| Online Access: | http://univ.bibl.u-szeged.hu/42008 |
| LEADER | 00493nab a2200157 i 4500 | ||
|---|---|---|---|
| 001 | univ42008 | ||
| 005 | 20171214104115.0 | ||
| 008 | 171214s2012 hu o 0|| zxx d | ||
| 040 | |a SZTE UnivHistória Repozitórium |b hun | ||
| 041 | |a zxx | ||
| 245 | 0 | 3 | |a Az alkotó alakítás |h [elektronikus dokumentum] : |b Száz éve született Kárász Judit |
| 260 | |c 2012-01-01 | ||
| 300 | |a 46-47 | ||
| 490 | 0 | |a Szeged | |
| 561 | |a Egyetemi hirarchívum | ||
| 695 | |a Kárász Judit, Szegedi Fiatalok Művészeti Kollégiuma | ||